| 000 | 00631nam a2200181 4500 | ||
|---|---|---|---|
| 005 | 20260424111309.0 | ||
| 008 | 260424b |||||||| |||| 00| 0 eng d | ||
| 020 |
_a9780406000439 _qhbk |
||
| 041 | _aeng. | ||
| 082 | _a348.4204 BRI | ||
| 100 | _aBridgman, G. F. L. | ||
| 245 |
_aThe All England Law Reports Reprint: Being a selection from the law times reports 1843-1935. _c/by G. F. L. Bridgman, O. M. W. Swingland and Henry Summerfield and G. A. Kidner |
||
| 250 | _a1st ed. Reprint | ||
| 260 |
_aLondon: _bButterworth and CO, _c1960. |
||
| 300 |
_a893 p. _c;20 cm. |
||
| 650 | _aLaws regulations cases | ||
| 942 | _cENGLISH | ||
| 999 |
_c619688 _d619688 |
||